000 00721nam a22002417a 4500
008 130422b xxu||||| |||| 00| 0 eng d
020 _a978-0-470-64646-5
037 _cAvailable
_ffor issue
082 _222
_a657 WEA
100 _aWeygandt, Jerry J
110 _aPaul D Kimmel and Donald E Kieso
245 _aAccounting Principals
250 _a10th edition
260 _aHobotken
_bJohn Wily and Sons
_c2012
300 _a27.8cm
_b1031 page
_f10
_g27.8cm
600 _aFinancial Accounting
650 _2Financial Accounting
710 _aPaul D Kimmel and Donald E Kieso
270 _aHoboken,
_bHoboken,
365 _d8300.00
942 _2ddc
_cBK
999 _c172
_d172